AU LIBRARIES
Centralized Library System Across Seven Campuses

Annual Budget Statement 2002-2003 (Record no. 47241)

MARC details
000 -LEADER
fixed length control field 00415nam a22001337a 4500
005 - DATE AND TIME OF LATEST TRANSACTION
control field 20260407152112.0
008 - FIXED-LENGTH DATA ELEMENTS--GENERAL INFORMATION
fixed length control field 260407b |||||||| |||| 00| 0 eng d
082 ## - DEWEY DECIMAL CLASSIFICATION NUMBER
Classification number 351.72
Author Mark ANN-G
245 ## - TITLE STATEMENT
Title Annual Budget Statement 2002-2003
260 ## - PUBLICATION, DISTRIBUTION, ETC.
Place of Publication Government of Pakistan Finance Division Islamabad
Name of publisher, distributor, etc. Printing Corporation of Pakistan Press, Pakistan
Date of publication, distribution, etc. 2003
300 ## - PHYSICAL DESCRIPTION
Pages 19 p.
650 ## - SUBJECT ADDED ENTRY--TOPICAL TERM
Subject / Department Allied Material
942 ## - ADDED ENTRY ELEMENTS (KOHA)
Koha item type Book
Holdings
Withdrawn status Lost status Damaged status Not for loan Collection code Permanent Location Current Location Shelving Location Date acquired Source of acquisition Total Checkouts Full Call Number Accession No./Barcode Date last seen Koha item type
        Allied Material Air University H-11 Campus Islamabad Air University H-11 Campus Islamabad Allied Materials 04/07/2026 Gifted By Dr. Salman Hasan   351.72 ANN-G AUHEG0002 04/07/2026 Book
Air University Sector E-9, Islamabad Pakistan
Email: librarian@au.edu.pk  Tel : +0092 51 9262612 Ext: 631